| 000 | 00826nam a22002297a 4500 | ||
|---|---|---|---|
| 005 | 20220519113032.0 | ||
| 008 | 220519b ||||| |||| 00| 0 eng d | ||
| 020 | _a9789387346239 | ||
| 040 | _cAloy | ||
| 041 | _aeng | ||
| 082 |
_223 _a320.5 _bSHAN |
||
| 100 |
_aU Sharma _937925 |
||
| 245 | _aNarains representative political thinkers | ||
| 260 |
_aAgra: _bLakshmi Narain Agarwal, _c2022. |
||
| 300 |
_aiv,466p. _bPB _c20x18cm. |
||
| 365 |
_2Political Science _a818 _b270.00 _c₹ _d300.00 _e20% _f16-05-2022 |
||
| 520 | _aIntroduction to Poltical Thought Ancient Chinese Political Thought Greek Poltical Thought Utilitarianism and the Utilitarian Thinkers Manu Kautilya M K Gandhi | ||
| 650 |
_aPolitical Thinkers _937922 |
||
| 650 |
_aPoltical Science _937923 |
||
| 700 |
_aSHARMA (U) _937924 |
||
| 942 |
_2ddc _cBK |
||
| 999 |
_c222999 _d222999 |
||